000
00311nam a22001337a 4500
008
250830b |||||||| |||| 00| 0 eng d
020
_a
978-93-903-9458-6
100
_a
J R Evans
245
_a
Business Analytics 3rd Ed.
250
_a
3rd
260
_a
U P
_b
Pearson
_c
2024
300
_a
704
942
_2
ddc
_c
BK
999
_c
21422
_d
21422